| 000 | 00953nam a22002057a 4500 | ||
|---|---|---|---|
| 005 | 20260428172249.0 | ||
| 010 | _aB-778282-301 BACEN26 | ||
| 020 |
_a9788179309629 _c405.00 |
||
| 035 | _aB-778282-301 | ||
| 037 | _bSpectrum Books | ||
| 082 | _a954.01 | ||
| 100 | _aAjit Kumar | ||
| 245 |
_aQuestion Bank History of Ancient India/ _cby Ajit Kumar |
||
| 260 |
_aDelhi _bSpectrum Books (P) LTD. _c2026 |
||
| 270 |
_aA-1, 291, First Floor Janakpuri _bDelhi _e110058 _k9958327924 _minfo@spectrumbooks.in |
||
| 300 |
_a368 p. _c26cm(pb) |
||
| 500 | _aFor Civil Services (Preliminary) Examination and also useful for UGC NET/JRF,SET and other Competitive Examinations | ||
| 942 |
_2ddc _cEN _mAJI _h954.01 |
||
| 999 |
_c215050 _d215050 |
||